|
|
|
|
| LEADER |
00000nam a2200000 a 4500 |
| 001 |
vtls001176682 |
| 003 |
SK-MaSNL |
| 005 |
20260301112211.0 |
| 008 |
250313s1977 ag 0 spa |
| 015 |
|
|
|a ZS1995/0000022
|
| 035 |
|
|
|a SNK000119679
|
| 035 |
|
|
|a urn:nbn:sk:snk-amlpls
|
| 035 |
|
|
|a urn:nbn:sk:snk-am00c2zw
|
| 035 |
|
|
|a 2BDDD4E5-33E8-4EC7-BE25-58B631E6FC12
|
| 040 |
|
|
|a SNK
|b slo
|c SNK
|e AACR2
|
| 041 |
0 |
|
|a spa
|
| 044 |
|
|
|a AR
|
| 080 |
|
|
|a 82:929:885.4=60
|2 1981
|
| 080 |
|
|
|a 885.4
|2 1981
|
| 080 |
|
|
|a 929 Bor, Ján E.
|2 1981
|
| 100 |
1 |
|
|a Jankovič, Ladislav,
|d 1917-1998
|4 aut
|9 39072
|
| 245 |
1 |
0 |
|a Dr. Ernesto Žatko - Ján E. Bor
|b vida y obra : homenaje en ocasion de sue 70° aniversario
|c Ladislao Jankovič
|
| 260 |
|
|
|a Buenos Aires
|b Asociación Cultural Eslovaca
|c 1977
|e Buenos Aires
|f Dorrego
|
| 300 |
|
|
|a 35 s.
|b fotogr.
|c 20 cm
|
| 504 |
|
|
|a Bibliogr.
|
| 600 |
1 |
|
|a Bor, Ján E.,
|d 1907-1991
|2 SNK
|9 104660
|
| 852 |
|
|
|a Slovenská národná knižnica
|
| 958 |
|
|
|a AR
|
| 958 |
|
|
|a LX
|
| 958 |
|
|
|a ZS
|
| 958 |
|
|
|a TL
|
| 958 |
|
|
|a NB
|
| 958 |
|
|
|a BX
|
| 958 |
|
|
|a AAI
|
| 958 |
|
|
|a OND
|
| 999 |
|
|
|c 709758
|d 711688
|
| 952 |
|
|
|t P60, <03>, [BOOK], {603}
|a SNK
|b SNK
|y PREZ
|7 0
|p 17A0202400
|o snkSD 66947
|0 0
|1 0
|4 0
|d 1999-07-15
|f 1
|l 0
|r 2005-01-01 00:00:00
|w 2026-02-23
|